000
00280nam a22001097a 4500
082
_a
620.82 SAN'H
100
_a
MCCORMICK, E. J ,SANDERS, M. S
_9
62333
245
_a
HUMAN FACTIRS IN ENGINEERING AND DESIGN
260
_a
NEWYOORK
_b
MCGRAW HILL
_c
1987
300
_a
664P
942
_c
BK
999
_c
571469
_d
571469